| 000 | 02113nam a22003137a 4500 | ||
|---|---|---|---|
| 999 |
_c23427 _d23427 |
||
| 003 | AR-CdUCM | ||
| 008 | 251223b19811991pe ||||| |||| 00| 0 spa d | ||
| 040 |
_aMUNICIPALIDAD PROVINCIAL DEL CUSCO _cBIBLIOTECA MUNICIPAL DEL CUSCO |
||
| 041 | _hspa | ||
| 082 |
_2Tercera edición _a333.71 / _bL98 |
||
| 100 |
_a Luna Villena, Aurelio / _951893 |
||
| 245 | _aAnecdotario de Pomacanchi / | ||
| 260 |
_aCusco : _bFerdinand Porcel Luna _c2024 |
||
| 300 |
_a 104 páginas. : _c17 x 24 cm. |
||
| 505 | _a Historia -- Así fue mi tierra -- Técnica Agrícola -- T'ito Q'osñipa -- La educación -- Estadio Mariscal Cáceres -- Saludo a Waqrapukara -- Historia de la Capilla de Belén -- Terremoto de Pomacanchi -- El sismo -- Los daños -- Geología -- Aspecto urbano y situación geológica -- El testigo -- Rescate de cadáveres -- Llega la ayuda -- La iglesia matriz -- Nuevo alcalde -- Solidaridad humana -- Cayó coloso milenario -- República Independiente -- Costumbres -- El Chaco -- El Qanchi Machu -- Pasajes de Ultratumba -- Virgen Dolorosa en el camino solitario -- El tunante -- El condenado -- Supay wasi -- El que se encuentra con el espíritu de otro -- Señora de ultratumba vuelve a su casa -- Enamorado que viaja cabalgando en féretro -- Galán Burlado -- Espíritu burlón -- Esqueleto devoto de la Virgen de Belén -- Féretro -- Cráneo humano sobrevive -- Episodio de mi actividad Política I y II -- El torero del siglo -- Caza trágica -- Cernícalo ortopédico -- Evasión maestra -- Nobleza y lágrimas de un caballo -- Dinamitero -- Filiberto Sánchez cambia de frente. | ||
| 650 |
_aTécnica agrícola _951845 |
||
| 650 |
_aSituación geológica _951846 |
||
| 650 |
_aRepública Independiente _951847 |
||
| 650 |
_aCaza trágica _951848 |
||
| 650 |
_a Estafa y el chantaje _951849 |
||
| 650 |
_aPapas qompis _951850 |
||
| 650 |
_aEnfermedad del ganado _951851 |
||
| 650 |
_aInspector de censo _951852 |
||
| 650 |
_aEl prestamista _951853 |
||
| 650 |
_aMayordomo de Belén _951854 |
||
| 650 |
_aVendedor de árboles _951855 |
||
| 942 |
_2ddc _cLIBROS |
||
| 945 |
_ajmcs _d23/12/2025 |
||